Marketing management : (Record no. 348301)
[ view plain ]
| 000 -LEADER | |
|---|---|
| fixed length control field | 01065 a2200169 4500 |
| 020 ## - INTERNATIONAL STANDARD BOOK NUMBER | |
| International Standard Book Number | 0135561507 (hardcover) |
| 020 ## - INTERNATIONAL STANDARD BOOK NUMBER | |
| International Standard Book Number | 9780135561508 (hardcover) |
| 090 ## - LOCALLY ASSIGNED LC-TYPE CALL NUMBER (OCLC); LOCAL CALL NUMBER (RLIN) | |
| -- | 5905 |
| -- | 5905 |
| 100 1# - MAIN ENTRY--PERSONAL NAME | |
| Personal name | Kotler, Philip. |
| 245 10 - TITLE STATEMENT | |
| Title | Marketing management : |
| Remainder of title | analysis, planning and control / |
| Statement of responsibility, etc. | Philip Kotler. |
| 250 ## - EDITION STATEMENT | |
| Edition statement | 6th ed. |
| 260 ## - PUBLICATION, DISTRIBUTION, ETC. | |
| Place of publication, distribution, etc. | [S.l.] : |
| Name of publisher, distributor, etc. | Longman Higher Education, |
| Date of publication, distribution, etc. | 1988. |
| 300 ## - PHYSICAL DESCRIPTION | |
| Extent | 848 p. ; |
| Dimensions | 25 cm. |
| 520 ## - SUMMARY, ETC. | |
| Summary, etc. | An analysis of trends and developments in global marketing management. The book includes a section on brand development as one of the keys to successful marketing. Emphasis is placed on managing business processes and core competencies, not just departmental functions. Also emphasized is the importance of teamwork between marketing and all the other functions of the business. Different perspectives are introduced in strategic market planning. The text provides company examples of creative, market-focused action. |
| 856 40 - ELECTRONIC LOCATION AND ACCESS | |
| Materials specified | Amazon.com |
| Uniform Resource Identifier | <a href="http://www.amazon.com/exec/obidos/ASIN/0135561507/chopaconline-20">http://www.amazon.com/exec/obidos/ASIN/0135561507/chopaconline-20</a> |
| 942 ## - ADDED ENTRY ELEMENTS (KOHA) | |
| Institution code [OBSOLETE] | NBS |
| Koha item type | Book |
| Call number prefix | 658.8 KOT |
| Withdrawn status | Lost status | Damaged status | Not for loan | Permanent Location | Current Location | Date acquired | Total Checkouts | Full call number | Barcode | Date last seen | Price effective from | Koha item type |
|---|---|---|---|---|---|---|---|---|---|---|---|---|
| Central Library (CL) | Central Library (CL) | 08/28/2013 | 658.8 KOT | NBS3117 | 08/28/2013 | 08/28/2013 | Book |
